[Event "Baleares-chT"]
[Site "Palma de Mallorca"]
[Date "2022.02.19"]
[Round "5.4"]
[White "Tourino Muxi, Juan Francisco"]
[Black "Bordes Ibanez, Juan Bautista"]
[Result "0-1"]
[WhiteElo "1690"]
[BlackElo "1955"]
[PlyCount "100"]
[EventDate "2022.01.22"]
[EventType "team-tourn"]
[EventRounds "7"]
[EventCountry "ESP"]
[SourceTitle "EXT 2023"]
[Source "ChessBase"]
[SourceDate "2022.10.05"]
[SourceVersion "1"]
[SourceVersionDate "2022.10.05"]
[SourceQuality "1"]
[WhiteTeam "Cercle de Cultura Es Castell"]
[BlackTeam "Puig den Valls"]
[WhiteTeamCountry "ESP"]
[BlackTeamCountry "ESP"]

1. c4 Nf6 2. g3 c5 3. Bg2 Nc6 4. Nc3 g6 5. Nf3 Bg7 6. 0-0 d6 7. d3 0-0 8. a3 a6 9. Rb1 Rb8 10. b4 cxb4 11. axb4 b5 12. cxb5 axb5 13. d4 Bf5 14. Rb3 Ne4 15. Nxe4 Bxe4 16. d5 Bxf3 17. Bxf3 Nd4 18. Rd3 Nxf3+ 19. Rxf3 Rc8 20. Qb3 Rc4 21. Bb2 Qa8 22. Bxg7 Kxg7 23. Rd3 Rfc8 24. Qb2+ Kg8 25. Ra1 Qxa1+ 26. Qxa1 Rc1+ 27. Qxc1 Rxc1+ 28. Kg2 Rc4 29. Rb3 Rd4 30. Kf3 f5 31. Ke3 Rxd5 32. Rc3 Re5+ 33. Kd3 Re4 34. Rb3 Kf7 35. e3 Ke6 36. Rb2 Rc4 37. f3 Kd5 38. Rb1 e5 39. h4 e4+ 40. fxe4+ Rxe4 41. Ke2 Kc4 42. Rd1 d5 43. Kf3 Kxb4 44. Rxd5 Kc4 45. Rd7 b4 46. Rxh7 b3 47. Rc7+ Kd3 48. Rd7+ Kc3 49. Rd6 b2 50. Rb6 Rb4 0-1